000 00814nam a2200217 a 4500
001 21395
003 CO-ViMGA
008 141112s2004 ck r 000 u spa d
020 _a8420530964
040 _aCO-ViMGA
_bspa
_cCO-ViMGA
082 0 4 _a541.383 L384q
100 1 _aLevine, Ira N.
_93557
245 1 0 _aQuímica Cuántica
250 _a5
260 _aMadrid; Perason educación,
_c1979
300 _a615
505 _aEl oscilador armónico 61 - - Teoremas de la mecánica cuántica 161 - - Simetría molecular 339 - - Teoremas del virial y de hellman - fenynman 447 - - Comparación de metodos 665
590 _aForma de adquisición : Compra fact. 0866 - - Precio : 78000 - - Proveedor : Temas y libros - - Fecha de adquisición : Mayo 2007
650 1 4 _aQUIMICA CUANTICA
_930553
942 _2ddc
_cBK
999 _c30011
_d30011